Statistics for I Think He Knows - Taylor Swift (All Lyrics)

Click here to take the quiz!

General Stats

  • This quiz has been taken 20 times
  • The average score is 338 of 391

Answer Stats

Lyrics% Correct
a
100%
he
100%
(He
100%
He
100%
I
100%
(I
100%
know
100%
knows
100%
think
100%
go?"
94%
Go
94%
him,
94%
me
94%
my
94%
that,
94%
that
94%
the
94%
to
94%
When
94%
where
94%
"Where
94%
16th
88%
all
88%
an
88%
and,
88%
And
88%
at
88%
Avenue
88%
Avenue,
88%
Body
88%
can't
88%
down
88%
Got
88%
got
88%
(Ha)
88%
hand
88%
heartbeat
88%
(Heartbeat)
88%
heartbeat)
88%
He's
88%
His
88%
I'll
88%
it
88%
it's
88%
It's
88%
Lead
88%
like
88%
Make
88%
make
88%
man
88%
mine
88%
on
88%
see
88%
Wanna
88%
wanna
88%
want
88%
We
88%
we
88%
17,
81%
alone
81%
around
81%
attitude
81%
Boy,
81%
boy,
81%
boyish
81%
every
81%
footprints
81%
get
81%
glass
81%
hands
81%
he'll
81%
home
81%
I'm
81%
in
81%
look
81%
mean
81%
mean)
81%
myself
81%
night
81%
nobody
81%
obsessed
81%
sidewalk
81%
(Skipping
81%
Skipping
81%
"So
81%
so
81%
stay
81%
stop
81%
there
81%
thigh
81%
under
81%
understand
81%
understands
81%
up
81%
what's
81%
with
81%
ain't
75%
am
75%
architect,
75%
bless
75%
'Cause
75%
cold
75%
dark
75%
drawing
75%
drive
75%
eyes,
75%
gotta
75%
indigo
75%
(Oh,
75%
plans
75%
smile,
75%
soul
75%
tell
75%
whisper
75%
you,
75%
ah,
69%
better
69%
gonna
69%
good
69%
lock
69%
Lyrical
69%
never
69%
ones
69%
Or
69%
stick
69%
wait
69%
won't
69%
follow
63%
soul
63%
sparks,
63%
could
56%
He'd
56%
(Baby)
50%
baby)
50%
want
50%
(Yeah)
44%

Score Distribution

Percentile by Number Answered

Percent of People with Each Score

Your Score History

You have not taken this quiz